| 000 | 00971nas a2200277 4500 | ||
|---|---|---|---|
| 001 | BR8101651 | ||
| 003 | BR-BrBNA | ||
| 005 | 20231205084604.0 | ||
| 007 | ta | ||
| 008 | 230509b bl.|||p| |||| 00| 00por d | ||
| 040 |
_aBR-BrBNA _bpor _cBiblioteca Nacional de Agricultura |
||
| 041 | _a(Pt) | ||
| 072 | _aF00; K50 | ||
| 100 | 1 | _aGarofalo, M.A. | |
| 100 | 1 | _aRodrigues, m. | |
| 245 | 1 | _aE bom apagar tudo e comecar outra vez [Borracha; Seringueira; Hevea brasiliensis; Pratica cultural; Brasil] | |
| 246 | 1 | _a[It is good to forget everything and start it all over again [Rubber; Rubber tree; Hevea brasiliensis; Cultural practice; Brazil]] | |
| 650 | _aProducao vegetal | ||
| 650 | _aIndustria florestal | ||
| 650 | _aSeringueira | ||
| 650 | _aBorracha | ||
| 650 | _aPratica cultural | ||
| 773 | 0 |
_tAgricultura de Hoje (Brazil) _xISSN 0100-5707 _g(Oct 1980), v. 6(64) p. 4-13 _wBR8101651 |
|
| 909 |
_a202311 _bLúcia _c55 _dLúcia Elande |
||
| 942 |
_2AGRIS _n0 _cANA |
||
| 999 |
_c106112 _d106112 |
||